000 01014nam a2200265 a 4500
005 20070209091650.0
008 060622s2005 ii 000 0 eng
010 _aENG-92373
020 _a9788180522895
_c395.00
020 _a818052289X
_c395.00
035 _aEN-75906
037 _bDBAD / PUB
040 _adpl
_bEnglish
082 _a320.5
100 _aSaxena, A. P.
245 _aJawaharlal Nehru :
_bthe spirit of humanism /
_cby A.P. Saxena.
260 _aNew Delhi :
_bAne Books
_c2008
270 _a4821, Parwana Bhawan, Ist Floor, 24, Ansar Road, Daryaganj,
_bNew Delhi
_e110002
300 _axii, 165p.:
_c22 cm (Hb)
_bb&w photos
500 _aIncludes index
600 _aNehru, Jawaharlal,
_xPolitical and social views.
710 _aIndian Institute of Public Administration.
942 _2ddc
_cEN
_mSAX
_h320.5
999 _c20669
_d20669